000 00633nam a22001817a 4500
999 _c178579
_d178579
005 20210407112301.0
010 _aENG-129381
020 _c750.00
_a978-93-905-3107-3
035 _aEN-112913
037 _bDBAD/PUB
082 _a381
100 _aMadaan, K V S
245 _aNTA UGC NET SET JRF Commerce: Paper II 2021/
_bK V S Madaan
260 _aNoida
_bPearson
_c2021
270 _a15th floor,Tower-B,Word Trade Tower,Plot no.1,Block-C sec 16,
_bNoida
_e201301
_k04466540100
_mcompanysecretary.india@pearson.com
300 _avarious pages.
_c25cm(pbk)
_bincluding illustrations.
942 _2ddc
_cEN
_h381
_mMAD